000 00339nam a2200145Ia 4500
008 230917s9999||||xx |||||||||||||| ||und||
040 _e53511
_aMAIN
041 _aEnglish
082 _aB R13B
100 _aRai, Gulshan
245 0 _aBreeze in the sails
260 _aBombay
_bI B H Publishing
_c1981
300 _a139 p.
942 _cBK
999 _c224955
_d224955